banner koha

Selecao entre e dentro de familias de meios-irmaos no milho dentado composto visando a resistencia a Spodoptera frugiperda e a Heliothis zea. 2. ciclo (Registro n. 127627)

MARC details
000 -LÍDER
campo de controle de tamanho fixo 01162nas a2200325 4500
001 - NÚMERO DE CONTROLE
campo de controle BR9001135
003 - IDENTIFICADOR DO NÚMERO DE CONTROLE
campo de controle BR-BrBNA
005 - DATA E HORÁRIO DA ÚLTIMA TRANSAÇÃO
campo de controle 20231205091830.0
007 - CAMPO FIXO DE DESCRIÇÃO FÍSICA--INFORMAÇÃO GERAL
campo de controle de tamanho fixo ta
008 - CAMPO DE DADOS FIXOS--INFORMAÇÃO GERAL
campo de controle de tamanho fixo 230509b bl.|||p| |||| 00| 00por d
040 ## - FONTE DA CATALOGAÇÃO
Instituição da catalogação original BR-BrBNA
Idioma da catalogação por
Instituição que transcreveu o registro Biblioteca Nacional de Agricultura
041 ## - CÓDIGO DE IDIOMA
Código do idioma do texto/trilha sonora ou título diferente (Pt)
072 ## - CÓDIGO DE CATEGORIA DE ASSUNTO
Código de Categoria de Assunto F30; H10
100 1# - ENTRADA PRINCIPAL--NOME PESSOAL
Nome pessoal Lemos, M.A.
100 1# - ENTRADA PRINCIPAL--NOME PESSOAL
Nome pessoal Araujo, M.R.A. de
100 1# - ENTRADA PRINCIPAL--NOME PESSOAL
Nome pessoal Gama, E.E.G. e
100 1# - ENTRADA PRINCIPAL--NOME PESSOAL
Nome pessoal Magnavaca, R.
100 1# - ENTRADA PRINCIPAL--NOME PESSOAL
Nome pessoal Oliveira, A.C. de
100 1# - ENTRADA PRINCIPAL--NOME PESSOAL
Nome pessoal Moraes, A.R. de
245 1# - TÍTULO
Título Selecao entre e dentro de familias de meios-irmaos no milho dentado composto visando a resistencia a Spodoptera frugiperda e a Heliothis zea. 2. ciclo
246 1# - FORMA VARIANTE DO TÍTULO
Título/título abreviado Selection among and within half-sib families in "dentado composto" maize variety for resistance to Spodoptera frugiperda and Heliothis zea. 2. cycle
650 ## - ASSUNTO--TERMO TÓPICO
Cabeçalho tópico ou nome geográfico MILHO
650 ## - ASSUNTO--TERMO TÓPICO
Cabeçalho tópico ou nome geográfico VARIEDADE RESISTENTE
650 ## - ASSUNTO--TERMO TÓPICO
Cabeçalho tópico ou nome geográfico PRAGA DE PLANTA
650 ## - ASSUNTO--TERMO TÓPICO
Cabeçalho tópico ou nome geográfico LAGARTA
650 ## - ASSUNTO--TERMO TÓPICO
Cabeçalho tópico ou nome geográfico PERNAMBUCO
773 0# - ENTRADA ANALÍTICA
Título Pesquisa Agropecuaria Brasileira (Brazil)
ISSN - International Standard Serial Number ISSN 0100-204X
Partes relacionadas (Jan 1990), v. 25(1) p. 95-101
Número de controle do registro BR9001135
909 ## -
-- 202311
-- Lúcia
-- 55
-- Lúcia Elande
942 ## - ELEMENTOS DE ENTRADA ADICIONADOS (KOHA)
Fonte da classificação ou esquema de arquivamento na estante Classificação AGRIS
Ocultar no OPAC Não
Tipo de material Koha Analítica
Exemplares
Situação do descarte Fonte da classificação ou esquema de arquivamento na estante Situação física Não pode ser emprestado Biblioteca de origem Biblioteca atual Localização na estante Enumeração do periódico / cronologia Total de empréstimos Data de último acesso Número do exemplar Tipo de material Koha Fonte de aquisição
  Classificação AGRIS   Consulta local Biblioteca Nacional de Agricultura - Binagri Biblioteca Nacional de Agricultura - Binagri   (Jan 1990), v. 25(1) p. 95-101   29/11/2023 01 Periódicos Portaria Interministerial nº 164/94

BINAGRI

Telefone: (61)3218-2567/2388/3357/2097 - binagri@agro.gov.br

Ministério da Agricultura e Pecuária , Esplanada dos Ministérios, Bloco D, Anexo B, Brasília/DF, CEP: 70.043-900